00984nab a2200217 i 4500001001000000003001000010005001700020008004100037040003000078041000800108245003900116520031600155546002300471650002100494650002200515650002400537773013100561942000800692945004900700999001700749768714001CO-MdFUSB20240815112659.0240815t1925 cr ||||| |||| 00| 0 eng d bspacCO-MdFUSBdCO-MdFUSB aeng aAre we afraid of the supernatural? aHay tres categorías principales de cristianos ortodoxos: aquellos que creen en los principios de la fe como algo distinto de ellos y aquellos que abogan por una vida libre de pecado. Hay quienes insisten en las manifestaciones visibles del Espíritu Santo como única razón de su presencia en el creyente. aTexto en inglés. 7aCristianismo922 0aPredicación954 0aProtestantismo99470 070761982969oR2742tLatin America Missionw(CO-MdFUSB)768714001gVolumen 4, (número 6, 1925), páginas: 3 - 4qpágina: 3 cANA aCatherine Arias Álvarez - Practicante SENA c70866d70866